00424 2200169 4500001002100000005001500021035002000036245003200056100001300088250001700101300003300118260003700151082001300188084002000201020001800221650001500239INLIS00000000000099320250323061740 a0010-03250000891 aAku Cinta Islam /cA. Rofiq0 aA. Rofiq acetakan ke-1 aii, 125 hlm :bilus ;c24 cm aIntegral Media :bIntegral Media a297.3824 a297.3824 A. a a978-964-564-6 4aDoa Harian